Fire safety risk assessment (Record no. 105813)

MARC details
000 -LEADER
fixed length control field 01942cam a2200253 4500
001 - CONTROL NUMBER
control field ##L134826
008 - FIXED-LENGTH DATA ELEMENTS--GENERAL INFORMATION
fixed length control field 060904n2006 000 0 eng u
020 ## - INTERNATIONAL STANDARD BOOK NUMBER
International Standard Book Number 1851128182
035 ## - SYSTEM CONTROL NUMBER
System control number (Sirsi) u134826
041 0# - LANGUAGE CODE
Language code of text/sound track or separate title eng
050 04 - LIBRARY OF CONGRESS CALL NUMBER
Classification number 692.21 $2 18
110 2# - MAIN ENTRY--CORPORATE NAME
Corporate name or jurisdiction name as entry element United Kingdom
Subordinate unit Department for Communities and Local Government
9 (RLIN) 4939
245 00 - TITLE STATEMENT
Title Fire safety risk assessment
Remainder of title residential care premises
260 ## - PUBLICATION, DISTRIBUTION, ETC.
Place of publication, distribution, etc. London
Name of publisher, distributor, etc. DCLG
Date of publication, distribution, etc. 2006
300 ## - PHYSICAL DESCRIPTION
Extent 150p.
Other physical details ill.
Dimensions 30cm
490 #0 - SERIES STATEMENT
Series statement DCLG Fire Safety Risk Assessment
505 0# - FORMATTED CONTENTS NOTE
Formatted contents note Fire risk assessment -- Identify fire hazards -- Identify people at risk -- Evaluate, remove, reduce and protect from risk -- Record, plan inform, instruct and train -- Review -- Further guidance on fire risk assessment and fire precautions -- Further guidance on fire risks and preventative measures -- Further guidance on fire-detection and warning systems -- Further guidance on firefighting equipment and facilities -- Further guidance on escape routes -- Further guidance on emergency escape lighting -- Further guidance on signs and notices -- Further guidance on recording, planning, informing, instructing and training -- Quality assurance of fire protection equipment and installation -- Example fire safety maintenance checklist -- Technical information on fire-resisting separation, fire doors and door fastenings -- Historic buildings -- Glossary
520 ## - SUMMARY, ETC.
Summary, etc. Offers guidance for the employers, managers, occupiers and owners of permanently staffed residential care premises where some or all of the occupants may require help in the event of a fire. Gives advice on complying with fire safety law, carrying out a risk assessment and the general fire precautions required.
590 ## - LOCAL NOTE (RLIN)
Local note IKA050906
650 24 - SUBJECT ADDED ENTRY--TOPICAL TERM
Topical term or geographic name entry element REGULATORY REFORM (FIRE SAFETY) ORDER 2005
651 #4 - SUBJECT ADDED ENTRY--GEOGRAPHIC NAME
Geographic name England and Wales
Chronological subdivision 1543-
690 ## - LOCAL SUBJECT ADDED ENTRY--TOPICAL TERM (OCLC, RLIN)
Topical term or geographic name as entry element MANAGEMENT-HEALTH AND SAFETY-FIRE SAFETY-FIRE RISK ASSESSMENT
942 ## - ADDED ENTRY ELEMENTS (KOHA)
Suppress in OPAC 0
Holdings
Withdrawn status Lost status Source of classification or shelving scheme Damaged status Not for loan Home library Current library Shelving location Date acquired Total Checkouts Full call number Barcode Date last seen Date last checked out Copy number Price effective from Koha item type
    Dewey Decimal Classification     London London Folio 04/09/2006 5 F692.21 DEP 30073222 06/08/2019 09/03/2009 1 06/08/2019 Book